[Event "Regency Masters 6th"]
[Site "Ramsgate"]
[Date "1984.12.16"]
[Round "9"]
[White "Martin, Andrew D"]
[Black "Blees, Albert"]
[Result "1-0"]
[WhiteElo "2445"]
[BlackElo "2275"]
[PlyCount "55"]
[EventDate "1984.12.08"]
[EventType "swiss"]
[EventRounds "9"]
[EventCountry "ENG"]
[SourceTitle "BritBase"]
[Source "John Saunders"]
[SourceDate "2020.09.07"]
[SourceVersion "1"]
[SourceVersionDate "2020.09.07"]
[SourceQuality "2"]

1. Nf3 Nf6 2. d4 e6 3. g3 d5 4. Bg2 Be7 5. O-O O-O 6. b3 b6 7. Bb2 Bb7 8. c4
dxc4 9. bxc4 c5 10. e3 cxd4 11. exd4 Nc6 12. Nbd2 Rc8 13. Rc1 Rc7 14. Qe2 Na5
15. Rfd1 Qa8 16. Nh4 Rfc8 17. d5 exd5 18. Be5 Rc6 19. Nf5 Ba3 20. Rc3 Bb4 21.
cxd5 Rxc3 22. Bxf6 Rc1 23. Bxg7 Bxd2 24. Qxd2 Rxd1+ 25. Qxd1 Rc4 26. Qa1 h5 27.
Ne7+ Kh7 28. Qf6 1-0

[Event "Regency Masters 6th"]
[Site "Ramsgate"]
[Date "1984.12.16"]
[Round "9"]
[White "Mednis, Edmar J"]
[Black "Nicholson, John G"]
[Result "1-0"]
[WhiteElo "2460"]
[BlackElo "2295"]
[PlyCount "71"]
[EventDate "1984.12.08"]
[EventType "swiss"]
[EventRounds "9"]
[EventCountry "ENG"]
[SourceTitle "BritBase"]
[Source "John Saunders"]
[SourceDate "2020.09.07"]
[SourceVersion "1"]
[SourceVersionDate "2020.09.07"]
[SourceQuality "2"]

1. c4 Nf6 2. g3 c5 3. Bg2 e6 4. Nf3 Be7 5. O-O O-O 6. Nc3 a6 7. d4 cxd4 8. Qxd4
Nc6 9. Qf4 d6 10. Rd1 Bd7 11. b3 Qa5 12. Bd2 Qh5 13. Qg5 Rab8 14. Qxh5 Nxh5 15.
Bg5 f6 16. Bc1 g5 17. Ba3 g4 18. Ne1 Ne5 19. Bxd6 Bxd6 20. Rxd6 Kf7 21. f4 gxf3
22. Nxf3 Ke7 23. Rad1 Rfd8 24. Nxe5 fxe5 25. Ne4 Bc6 26. Rxd8 Rxd8 27. Rxd8
Kxd8 28. Ng5 Bxg2 29. Kxg2 Nf6 30. Kf3 Ke7 31. Ne4 Nd7 32. Kg4 b6 33. Kg5 Nb8
34. Kh6 Nc6 35. Kxh7 Nd4 36. g4 1-0

[Event "Regency Masters 6th"]
[Site "Ramsgate"]
[Date "1984.12.16"]
[Round "9"]
[White "Peelen, Piet"]
[Black "Fuller, Maxwell L"]
[Result "1-0"]
[WhiteElo "2240"]
[BlackElo "2335"]
[PlyCount "123"]
[EventDate "1984.12.08"]
[EventType "swiss"]
[EventRounds "9"]
[EventCountry "ENG"]
[SourceTitle "BritBase"]
[Source "John Saunders"]
[SourceDate "2020.09.07"]
[SourceVersion "1"]
[SourceVersionDate "2020.09.07"]
[SourceQuality "2"]

1. c4 g6 2. Nc3 c5 3. g3 Bg7 4. Bg2 Nc6 5. d3 e6 6. e4 a6 7. Nge2 Rb8 8. a4 b6
9. Rb1 Nge7 10. Be3 Nd4 11. b4 d6 12. O-O O-O 13. Qd2 Bd7 14. b5 axb5 15. axb5
Bc8 16. Bh6 Bb7 17. Bxg7 Kxg7 18. Nxd4 cxd4 19. Ne2 e5 20. Ra1 Qc7 21. Ra2 Ra8
22. Rfa1 Rxa2 23. Rxa2 f5 24. f3 Ra8 25. Rxa8 Bxa8 26. Qa2 Bb7 27. Nc1 d5 28.
exd5 Nxd5 29. Nb3 Ne3 30. Qa3 e4 31. Nxd4 Qe5 32. dxe4 Nxg2 33. Kxg2 fxe4 34.
Qe3 exf3+ 35. Kf2 Kf6 36. Qf4+ Qxf4 37. gxf4 Ke7 38. Nxf3 Kd6 39. Ng5 h6 40.
Nf7+ Kc5 41. Ke3 Bc8 42. Kd3 Bf5+ 43. Kc3 Be6 44. Ne5 g5 45. Nd3+ Kd6 46. fxg5
hxg5 47. Kd4 Bf5 48. Nb4 Kc7 49. Ke5 Bg4 50. Nd5+ Kb7 51. Ne3 Be2 52. h3 Kc7
53. Kf5 Kd6 54. Kxg5 Ke5 55. h4 Ke4 56. c5 bxc5 57. b6 Ba6 58. h5 Kxe3 59. h6
c4 60. h7 c3 61. h8=Q Kd2 62. Qd4+ 1-0

[Event "Regency Masters 6th"]
[Site "Ramsgate"]
[Date "1984.12.16"]
[Round "9"]
[White "Renet, Olivier"]
[Black "Wright, Josie H"]
[Result "1-0"]
[WhiteElo "2250"]
[BlackElo "1900"]
[PlyCount "49"]
[EventDate "1984.12.08"]
[EventType "swiss"]
[EventRounds "9"]
[EventCountry "ENG"]
[SourceTitle "BritBase"]
[Source "John Saunders"]
[SourceDate "2020.09.07"]
[SourceVersion "1"]
[SourceVersionDate "2020.09.07"]
[SourceQuality "2"]

1. e4 d6 2. d4 Nf6 3. Nc3 g6 4. Be2 Bg7 5. h4 Nbd7 6. h5 e5 7. Be3 exd4 8. Bxd4
Qe7 9. h6 Bf8 10. Nd5 Qd8 11. Qd2 Be7 12. f3 Nxd5 13. Bxh8 N5b6 14. Bd4 c5 15.
Bc3 Ne5 16. b3 Bh4+ 17. Kf1 Qf6 18. Rd1 d5 19. exd5 Bg5 20. Bb5+ Bd7 21. Qe2
Bxb5 22. Qxb5+ Kf8 23. Qxc5+ Kg8 24. Bxe5 Qxe5 25. Qd4 1-0

[Event "Regency Masters 6th"]
[Site "Ramsgate"]
[Date "1984.12.16"]
[Round "9"]
[White "Robertson, M AUS.."]
[Black "Jagerflod, Kent"]
[Result "1-0"]
[WhiteElo "2050"]
[BlackElo "1950"]
[PlyCount "99"]
[EventDate "1984.12.08"]
[EventType "swiss"]
[EventRounds "9"]
[EventCountry "ENG"]
[SourceTitle "BritBase"]
[Source "John Saunders"]
[SourceDate "2020.09.07"]
[SourceVersion "1"]
[SourceVersionDate "2020.09.07"]
[SourceQuality "2"]

1. e4 c6 2. d4 g6 3. c4 d5 4. exd5 cxd5 5. Nc3 Nf6 6. c5 Bg7 7. b4 O-O 8. Be2
Ne4 9. Bb2 e5 10. Nxe4 dxe4 11. d5 e3 12. Qb3 exf2+ 13. Kxf2 e4 14. Bxg7 Kxg7
15. Qc3+ Kg8 16. Rd1 Qh4+ 17. g3 Qg5 18. Qe3 Qf6+ 19. Qf4 Qb2 20. Qxe4 Qa3 21.
Nf3 Bf5 22. Qd4 Re8 23. Rd2 Qa4 24. Ra1 Qd7 25. Ne5 Qe7 26. Nc4 Nd7 27. Nd6
Reb8 28. g4 Qh4+ 29. Kg2 Re8 30. Nxe8 Rxe8 31. Bf3 Be4 32. Bxe4 Qxg4+ 33. Kh1
Rxe4 34. Qg1 Qf4 35. Qf2 Qe5 36. Rf1 f5 37. c6 bxc6 38. dxc6 Nb6 39. Rd8+ Kg7
40. Qc5 Qe7 41. c7 Qf7 42. c8=Q Nxc8 43. Rxc8 Re7 44. Rc1 Kh6 45. Qc4 Qf6 46.
Qf4+ Kh5 47. Qf3+ Kh6 48. Qh3+ Kg7 49. Qc3 Re5 50. Rc6 1-0

[Event "Regency Masters 6th"]
[Site "Ramsgate"]
[Date "1984.12.16"]
[Round "9"]
[White "Solomon, Stephen J"]
[Black "Janssen, Han"]
[Result "1/2-1/2"]
[WhiteElo "2250"]
[BlackElo "2285"]
[PlyCount "106"]
[EventDate "1984.12.08"]
[EventType "swiss"]
[EventRounds "9"]
[EventCountry "ENG"]
[SourceTitle "BritBase"]
[Source "John Saunders"]
[SourceDate "2020.09.07"]
[SourceVersion "1"]
[SourceVersionDate "2020.09.07"]
[SourceQuality "2"]

1. e4 c5 2. Nf3 e6 3. d4 cxd4 4. Nxd4 Nc6 5. Nc3 a6 6. g3 Qc7 7. Bg2 Nf6 8. O-O
Be7 9. Re1 Nxd4 10. Qxd4 Bc5 11. Qd3 Ng4 12. Nd1 Ne5 13. Qe2 d6 14. Be3 Bd7 15.
b3 O-O 16. f4 Ng6 17. c4 Ne7 18. Nf2 Nc6 19. e5 Bxe3 20. Qxe3 dxe5 21. fxe5
Rfd8 22. Rad1 Be8 23. Qc3 Rxd1 24. Rxd1 Rd8 25. Rxd8 Qxd8 26. Ne4 Qd1+ 27. Kf2
Qh5 28. Nd6 Bd7 29. Qf3 Qg6 30. Qe4 Qh5 31. Qf3 Qg6 32. Qf4 Qc2+ 33. Kg1 f6 34.
exf6 gxf6 35. Nxb7 Qd1+ 36. Qf1 Qd4+ 37. Kh1 Nb4 38. c5 Nd3 39. h3 f5 40. c6
Bc8 41. Kh2 e5 42. Qg1 Nf2 43. Nd6 f4 44. g4 Qe3 45. Bd5+ Kf8 46. Qg2 Nd3 47.
Nxc8 Ne1 48. Qf1 Qg3+ 49. Kh1 Nd3 50. Qg2 Nf2+ 51. Kg1 Nxh3+ 52. Kh1 Nf2+ 53.
Kg1 Nh3+ 1/2-1/2

[Event "Regency Masters 6th"]
[Site "Ramsgate"]
[Date "1984.12.16"]
[Round "9"]
[White "Teichmann, Erik OMC"]
[Black "Eslon, Jaan"]
[Result "1/2-1/2"]
[WhiteElo "2285"]
[BlackElo "2445"]
[PlyCount "34"]
[EventDate "1984.12.08"]
[EventType "swiss"]
[EventRounds "9"]
[EventCountry "ENG"]
[SourceTitle "BritBase"]
[Source "John Saunders"]
[SourceDate "2020.09.07"]
[SourceVersion "1"]
[SourceVersionDate "2020.09.07"]
[SourceQuality "2"]

1. Nf3 Nf6 2. d4 b6 3. Bf4 Bb7 4. e3 e6 5. h3 Bd6 6. Bxd6 cxd6 7. Nbd2 O-O 8.
c4 d5 9. Bd3 Ne4 10. O-O f5 11. Re1 d6 12. cxd5 Bxd5 13. Bc4 Bxc4 14. Nxc4 Nd7
15. Ncd2 Ndf6 16. Rc1 Qd7 17. Qe2 Rac8 1/2-1/2